| 000 | 00998cam a2200277 4500 | ||
|---|---|---|---|
| 001 | J94319 | ||
| 008 | 090401t1999 xxu||||| |||| 00| 0 eng d | ||
| 020 | _a1902375203 | ||
| 035 | _a(Sirsi) u88929 | ||
| 041 | _aeng | ||
| 050 | _a692.8 | ||
| 100 | _aWood, Martin | ||
| 245 | 4 | _aThe Construction Act : a practical guide. | |
| 260 |
_aStanton Harcourt, Oxford _bChandos Publishing (Oxford) Limited _c1999 |
||
| 300 | _axiii,168p. ; 28cm. | ||
| 350 | _a59.95 | ||
| 520 | _aExamines the implications of the Housing Grants, Construction and Regeneration Act 1996 especially the new rules for construction contracts. | ||
| 650 | _aBUILT ENVIRONMENT-BUILDING CONTRACT FORMS | ||
| 650 | _aHOUSING GRANTS, CONSTRUCTION AND REGENERATION ACT 1996 | ||
| 650 | _aBUILT ENVIRONMENT-BUILDING CONTRACT FORMS | ||
| 650 | _aHOUSING GRANTS CONSTRUCTION AND REGENERATION ACT 1996 | ||
| 650 | _aSCHEME FOR CONSTRUCTION CONTRACTS | ||
| 690 | _aBUILT ENVIRONMENT | ||
| 942 | _n0 | ||
| 948 | _c12/10/1998 | ||
| 999 |
_c97400 _d97400 |
||